000
00196 a2200097 4500
020
_a
9789978804377
041
_a
spa
100
_a
Vallejos ,Estuardo
245
_a
El congreso de Ratones
942
_c
BK
999
_c
2130
_d
2130